World Literature Studies
Saved in:
| Corporate Author: | |
|---|---|
| Format: | Serial |
| Language: | English Slovak |
| Published: |
Bratislava
VEDA, vydavateľstvo SAV
|
| Tags: |
No Tags, Be the first to tag this record!
|
MARC
| LEADER | 00000nas1a2200000 4500 | ||
|---|---|---|---|
| 001 | 0291963 | ||
| 005 | 20250701092117.8 | ||
| 022 | |a 1337-9690 | ||
| 022 | |a 1337-9275 | ||
| 041 | 0 | |a eng | |
| 041 | 0 | |a slo | |
| 044 | |a SK | ||
| 245 | 1 | 0 | |a World Literature Studies |
| 264 | 1 | |a Bratislava |b VEDA, vydavateľstvo SAV | |
| 710 | 2 | |a Slovenská akadémia vied. Ústav štátu a práva | |